Shaquille O’Neal Teammates - Statistics

General Stats
  • This quiz has been taken 14 times
  • The average score is 10 of 15
Answer Stats
Question Tile Select % Correct
Which of these players have played with Shaq? LeBron James Yes
93%
Which of these players have played with Shaq? Marcus Smart No
93%
Which of these players have played with Shaq? Chris Paul No
86%
Which of these players have played with Shaq? Chris Bosh No
79%
Which of these players have played with Shaq? Pau Gasol No
79%
Which of these players have played with Shaq? Ron Artest (Metta World Peace) No
79%
Which of these players have played with Shaq? Shane Battier No
79%
Which of these players have played with Shaq? Tracy McGrady No
79%
Which of these players have played with Shaq? Jason Kidd No
71%
Which of these players have played with Shaq? Penny Hardaway Yes
71%
Which of these players have played with Shaq? Alonzo Mourning Yes
57%
Which of these players have played with Shaq? Amare Stoudemire Yes
50%
Which of these players have played with Shaq? Zydrunas Ilgauskas Yes
43%
Which of these players have played with Shaq? Ron Harper Yes
36%
Which of these players have played with Shaq? Jason Williams Yes
29%
No matching quizzes found
Score Distribution
Percent of People with Each Score
Percentile by Number Answered
Your Score History
You have not taken this quiz